000 01352nam0a22003371 4500
001 v19\rc\1400026
005 20060512125358.7
035 _a(NLR Aleph) 004530605
090 _a1864209
_c1864209
100 _a20060512d1872 |||y0rusy50 ca
101 0 _arus
102 _aRU
105 _ay z |||||
200 1 _aКоллекция хранящихся в Академии художеств гравюр на меди и резьбы на дереве, с изображением медалей, исторических событий и гербов, описанная Д. Прозоровским
210 _aСанкт-Петербург
_cтип. Имп. Акад. наук
_d1872
215 _aX, [2], 124 с.
_d24
320 _aБиблиогр. в предисл.
700 1 _aПрозоровский
_bД. И.
_f1820-1894
_gДмитрий Иванович
712 0 2 _aИмператорская академия художеств
_bМузей
_cПетербург
_9399663
_3RU\NLR\AUTH\889951850
801 0 _aRU
_bNLR
_gpsbo
801 0 _aRU
_bRuMoRGB
_2psbo
801 1 _aRU
_bProSoft-M
_2rusmarc
852 _aNLR
_j18.104.2.191
899 _aRuMoRGB
_jE 85/379
899 _aRuMoRGB
_jE 97/233
899 _aRuMoRGB
_jМК
899 _aБАН
899 _aНБ СПбГУ
899 _aГПИБ
942 _cBOOK
980 _aNB